[Event "Voronezh op-B 15th"]
[Site "Voronezh"]
[Date "2011.06.17"]
[Round "6"]
[White "Kurnakov, Maxim"]
[Black "Manukovsky, Vladimir"]
[Result "1-0"]
[WhiteElo "1896"]
[BlackElo "2277"]
[PlyCount "73"]
[EventDate "2011.06.12"]
[EventType "swiss"]
[EventRounds "9"]
[EventCountry "RUS"]
[SourceTitle "CBM 143 Extra"]
[Source "ChessBase"]
[SourceDate "2011.08.29"]
[SourceVersion "1"]
[SourceVersionDate "2011.08.29"]
[SourceQuality "1"]

1. e4 c5 2. d4 cxd4 3. c3 Nf6 4. e5 Nd5 5. Nf3 Nc6 6. cxd4 g6 7. Qb3 e6 8. Be2 Bg7 9. Nc3 Nde7 10. Ne4 Nf5 11. 0-0 Ncxd4 12. Nxd4 Nxd4 13. Nd6+ Kf8 14. Qe3 Nxe2+ 15. Qxe2 Kg8 16. Bd2 Rb8 17. Rac1 b6 18. Rc2 Bf8 19. Ne4 Bb7 20. Nf6+ Kg7 21. Qe3 h5 22. Qg3 Be7 23. Bg5 d6 24. Rd1 Rc8 25. Rxc8 Bxc8 26. Rxd6 Qc7 27. Ne4 Bb7 28. Bf6+ Kg8 29. Nc3 h4 30. Qf4 Bxd6 31. exd6 Qc6 32. f3 Rh5 33. Ne4 h3 34. Bc3 Kf8 35. Qf6 Qd7 36. Qg7+ Ke8 37. Qg8# 1-0

[Event "Voronezh op-B 15th"]
[Site "Voronezh"]
[Date "2011.06.12"]
[Round "1"]
[White "Provkin, Vladimir"]
[Black "Kurnakov, Maxim"]
[Result "1-0"]
[WhiteElo "2211"]
[BlackElo "1896"]
[PlyCount "45"]
[EventDate "2011.06.12"]
[EventType "swiss"]
[EventRounds "9"]
[EventCountry "RUS"]
[SourceTitle "CBM 143 Extra"]
[Source "ChessBase"]
[SourceDate "2011.08.29"]
[SourceVersion "1"]
[SourceVersionDate "2011.08.29"]
[SourceQuality "1"]

1. d4 d5 2. Nf3 Nf6 3. c4 e6 4. Qc2 Be7 5. Bg5 0-0 6. Nbd2 Nc6 7. a3 h6 8. Bxf6 Bxf6 9. e3 dxc4 10. Nxc4 Re8 11. Rd1 b6 12. Be2 Rb8 13. 0-0 Qe7 14. e4 Qf8 15. e5 Be7 16. Ne3 Bd7 17. h4 Rec8 18. Qe4 Na5 19. d5 exd5 20. Nxd5 Be6 21. h5 c6 22. Nf4 Qe8 23. Bd3 1-0

[Event "Voronezh Region-ch Juniors"]
[Site "Voronezh"]
[Date "2010.11.27"]
[Round "5.2"]
[White "Kurnakov, Maxim"]
[Black "Kutliev, Rustam"]
[Result "1-0"]
[WhiteElo "1875"]
[BlackElo "1831"]
[PlyCount "108"]
[EventDate "2010.11.23"]
[EventType "swiss"]
[EventRounds "9"]
[EventCountry "RUS"]
[SourceTitle "EXT 2022"]
[Source "ChessBase"]
[SourceDate "2021.10.06"]
[SourceVersion "1"]
[SourceVersionDate "2021.10.06"]
[SourceQuality "1"]

1. e4 e6 2. d4 d5 3. e5 c5 4. c3 Nc6 5. Nf3 Qb6 6. a3 Nh6 7. b4 cxd4 8. cxd4 Nf5 9. Bb2 Bd7 10. g4 Nfe7 11. Bd3 Ng6 12. Qd2 Be7 13. h4 Rc8 14. h5 Nf8 15. 0-0 f6 16. h6 gxh6 17. Qxh6 fxe5 18. Qg7 e4 19. Qxh8 Kf7 20. Ne5+ Nxe5 21. Qxe5 exd3 22. Qh5+ Kg7 23. Nc3 Ng6 24. Rad1 Bf6 25. g5 Bxd4 26. Rxd3 Be5 27. Qh6+ Kg8 28. Rh3 Nf8 29. Nxd5 exd5 30. Bxe5 Qxh6 31. Rxh6 Ng6 32. Bf6 Rc4 33. Rd1 Rg4+ 34. Kf1 Bb5+ 35. Ke1 Re4+ 36. Kd2 Re2+ 37. Kc1 Nf4 38. Rh4 Nd3+ 39. Kb1 Nxf2 40. Rxd5 Bd3+ 41. Ka1 Re1+ 42. Kb2 Re2+ 43. Kc3 Rc2+ 44. Kb3 Re2 45. Rd8+ Kf7 46. Rxd3 Nxd3 47. Rxh7+ Kg6 48. Rxb7 Re3 49. Rxa7 Ne5+ 50. Kc2 Nc4 51. Bc3 Kxg5 52. Bd2 Nxd2 53. Kxd2 Rb3 54. Kc2 Re3 1-0

[Event "Voronezh Region-ch Juniors"]
[Site "Voronezh"]
[Date "2010.11.26"]
[Round "4.3"]
[White "Kurnakov, Maxim"]
[Black "Zhileykin, Andrey"]
[Result "1-0"]
[WhiteElo "1875"]
[BlackElo "1881"]
[PlyCount "49"]
[EventDate "2010.11.23"]
[EventType "swiss"]
[EventRounds "9"]
[EventCountry "RUS"]
[SourceTitle "EXT 2022"]
[Source "ChessBase"]
[SourceDate "2021.10.06"]
[SourceVersion "1"]
[SourceVersionDate "2021.10.06"]
[SourceQuality "1"]

1. e4 c5 2. d4 cxd4 3. c3 d3 4. Bxd3 e5 5. f4 Nc6 6. Nf3 d6 7. 0-0 Nf6 8. Qe1 Bd7 9. Na3 h6 10. Nc4 Qc7 11. b4 b5 12. Na3 Be7 13. Nxb5 Qb7 14. Na3 Nh5 15. b5 Nd8 16. fxe5 dxe5 17. Nxe5 Bxa3 18. Bxa3 Bxb5 19. Rb1 a6 20. c4 Qa7+ 21. Kh1 Bd7 22. Qh4 Nf6 23. Rxf6 gxf6 24. Qxf6 Be6 25. Qxh8# 1-0

[Event "Voronezh Region-ch Juniors"]
[Site "Voronezh"]
[Date "2010.11.24"]
[Round "2.1"]
[White "Kurnakov, Maxim"]
[Black "Kovalenko, Sergey"]
[Result "0-1"]
[WhiteElo "1875"]
[BlackElo "2173"]
[PlyCount "94"]
[EventDate "2010.11.23"]
[EventType "swiss"]
[EventRounds "9"]
[EventCountry "RUS"]
[SourceTitle "EXT 2022"]
[Source "ChessBase"]
[SourceDate "2021.10.06"]
[SourceVersion "1"]
[SourceVersionDate "2021.10.06"]
[SourceQuality "1"]

1. e4 e6 2. d4 d5 3. e5 c5 4. c3 Nc6 5. Nf3 Bd7 6. a3 c4 7. Be2 f6 8. 0-0 fxe5 9. Nxe5 Nxe5 10. dxe5 Qc7 11. f4 Bc5+ 12. Kh1 Ne7 13. Nd2 0-0-0 14. Nf3 Nf5 15. b3 Bc6 16. Ng5 Qe7 17. Bg4 d4 18. Bxf5 exf5 19. b4 Bb6 20. Qc2 d3 21. Qd1 h6 22. Nh3 Qh4 23. Ng1 Rhg8 24. a4 g5 25. Nf3 Qg4 26. fxg5 hxg5 27. a5 Bc7 28. Qd2 f4 29. Qf2 Bxf3 30. gxf3 Qh3 31. Bd2 Kb8 32. b5 b6 33. Ra4 Qe6 34. Re1 Qd5 35. Re4 bxa5 36. Raxc4 Bb6 37. Qf1 g4 38. Bxf4 gxf3 39. e6+ Kb7 40. Bg3 d2 41. Qd1 Rxg3 42. hxg3 Rh8+ 43. Rh4 f2+ 44. Kh2 Rxh4+ 45. Rxh4 f1Q 46. Qxf1 d1Q 47. Qf7+ Bc7 0-1

[Event "Voronezh Region-ch Juniors"]
[Site "Voronezh"]
[Date "2010.11.23"]
[Round "1.8"]
[White "Gavrilov, Evgeny"]
[Black "Kurnakov, Maxim"]
[Result "0-1"]
[WhiteElo "1875"]
[BlackElo "1875"]
[PlyCount "66"]
[EventDate "2010.11.23"]
[EventType "swiss"]
[EventRounds "9"]
[EventCountry "RUS"]
[SourceTitle "EXT 2022"]
[Source "ChessBase"]
[SourceDate "2021.10.06"]
[SourceVersion "1"]
[SourceVersionDate "2021.10.06"]
[SourceQuality "1"]

1. c4 Nf6 2. Nc3 d5 3. d4 e6 4. Bg5 Nbd7 5. e3 Bb4 6. cxd5 exd5 7. a3 Bxc3+ 8. bxc3 c5 9. Nf3 Qa5 10. Qd2 Ne4 11. Qb2 Qxc3+ 12. Qxc3 Nxc3 13. dxc5 Nxc5 14. Rc1 N3e4 15. Bf4 Ne6 16. Be5 Bd7 17. Be2 0-0 18. 0-0 Rac8 19. Rb1 f6 20. Ba1 b6 21. Rbd1 Rc5 22. Nd2 Bb5 23. Nb3 Bxe2 24. Nxc5 N4xc5 25. Rxd5 Bxf1 26. Kxf1 Rd8 27. Rxd8+ Nxd8 28. Ke2 Kf7 29. f3 Ke6 30. e4 Nc6 31. Ke3 Ne5 32. Kd4 Nb3+ 33. Kc3 Nxa1 0-1

[Event "Voronezh op-B 14th"]
[Site "Voronezh"]
[Date "2010.06.14"]
[Round "3"]
[White "Gataullin, Artur"]
[Black "Kurnakov, Maxim"]
[Result "1-0"]
[WhiteElo "2050"]
[BlackElo "1832"]
[PlyCount "61"]
[EventDate "2010.06.12"]
[EventType "swiss"]
[EventRounds "9"]
[EventCountry "RUS"]
[SourceTitle "CBM 137 Extra"]
[Source "ChessBase"]
[SourceDate "2010.09.01"]
[SourceVersion "1"]
[SourceVersionDate "2010.09.01"]
[SourceQuality "1"]

1. e4 c5 2. c3 Nf6 3. e5 Nd5 4. d4 cxd4 5. cxd4 Nc6 6. Nf3 e6 7. Nc3 d6 8. Nxd5 exd5 9. Bd3 Bg4 10. 0-0 Be7 11. Bf4 0-0 12. exd6 Bf6 13. h3 Be6 14. Qb3 Qb8 15. Rad1 g6 16. Bb1 Bg7 17. Bg3 a6 18. Ne5 Rd8 19. Qc3 Na7 20. a4 b5 21. b3 Bf8 22. f4 f5 23. Bh4 Rc8 24. Qf3 Bxd6 25. g4 Rf8 26. gxf5 gxf5 27. Kh1 Qc7 28. Rg1+ Kh8 29. Qh5 Bxe5 30. fxe5 bxa4 31. Qh6 1-0

[Event "Voronezh-ch sf op"]
[Site "Voronezh"]
[Date "2010.02.16"]
[Round "6.8"]
[White "Serdjukov, Sergey"]
[Black "Kurnakov, Maxim"]
[Result "1/2-1/2"]
[WhiteElo "2133"]
[BlackElo "1795"]
[PlyCount "66"]
[EventDate "2010.02.10"]
[EventType "swiss"]
[EventRounds "9"]
[EventCountry "RUS"]
[SourceTitle "EXT 2022"]
[Source "ChessBase"]
[SourceDate "2021.10.06"]
[SourceVersion "1"]
[SourceVersionDate "2021.10.06"]
[SourceQuality "1"]

1. e4 c5 2. Nf3 e6 3. c4 Nc6 4. d4 cxd4 5. Nxd4 Bb4+ 6. Bd2 Qb6 7. Nb3 Nf6 8. Qc2 d6 9. Nc3 Ng4 10. Nd1 0-0 11. Be2 Nf6 12. Nc3 Bxc3 13. Bxc3 Nb4 14. Qb1 e5 15. 0-0 Be6 16. Bd2 Qc7 17. Rd1 b6 18. Bg5 Ne8 19. a3 Nc6 20. Qd3 f6 21. Be3 Ne7 22. Rac1 g6 23. Bh6 Rf7 24. f4 f5 25. fxe5 dxe5 26. Nd2 Qb7 27. Qh3 Qc6 28. exf5 Nxf5 29. Bg4 Nf6 30. Bxf5 Bxf5 31. Qh4 Ng4 32. b4 e4 33. Nf1 Rd7 1/2-1/2

[Event "Voronezh-ch sf op"]
[Site "Voronezh"]
[Date "2010.02.12"]
[Round "3.12"]
[White "Kurnakov, Maxim"]
[Black "Polyansky, Viktor"]
[Result "1-0"]
[WhiteElo "1795"]
[BlackElo "2027"]
[PlyCount "71"]
[EventDate "2010.02.10"]
[EventType "swiss"]
[EventRounds "9"]
[EventCountry "RUS"]
[SourceTitle "EXT 2022"]
[Source "ChessBase"]
[SourceDate "2021.10.06"]
[SourceVersion "1"]
[SourceVersionDate "2021.10.06"]
[SourceQuality "1"]

1. e4 c6 2. d4 d5 3. exd5 cxd5 4. c4 Nf6 5. Nc3 Nc6 6. Be2 Be6 7. Bf3 Qd7 8. h3 0-0-0 9. c5 Bf5 10. Bf4 Nb4 11. Be2 Nc2+ 12. Kf1 e5 13. Bxe5 Ne4 14. Nb5 Re8 15. Nxa7+ Kd8 16. Bb5 Qe6 17. Nf3 f6 18. Bh2 Nxa1 19. Qxa1 Bxh3 20. Qe1 Bxc5 21. dxc5 Qg4 22. Qa5+ Ke7 23. Qc7+ Kf8 24. Bd6+ Kg8 25. Rxh3 Nd2+ 26. Kg1 Nxf3+ 27. Rxf3 Re1+ 28. Kh2 Qh4+ 29. Rh3 Qxf2 30. Bf4 g5 31. Qb8+ Kg7 32. Qxb7+ Kg6 33. Bd3+ f5 34. Qc6+ Kg7 35. Qd7+ Kf8 36. Qxf5+ 1-0

[Event "Voronezh op-B 13th"]
[Site "Voronezh"]
[Date "2009.06.20"]
[Round "9"]
[White "Goroshilov, Vladislav"]
[Black "Kurnakov, Maxim"]
[Result "1-0"]
[WhiteElo "2122"]
[BlackElo "1797"]
[PlyCount "88"]
[EventDate "2009.06.12"]
[EventType "swiss"]
[EventRounds "9"]
[EventCountry "RUS"]
[SourceTitle "CBM 130 Extra"]
[Source "ChessBase"]
[SourceDate "2009.07.02"]
[SourceVersion "2"]
[SourceVersionDate "2009.07.15"]
[SourceQuality "1"]

1. d4 d5 2. c4 e6 3. Nc3 Nf6 4. Bg5 Be7 5. e3 0-0 6. Nf3 h6 7. Bh4 b6 8. Rc1 Bb7 9. Bxf6 Bxf6 10. cxd5 exd5 11. b4 Re8 12. Bd3 c5 13. bxc5 bxc5 14. 0-0 Nc6 15. dxc5 d4 16. Ne4 dxe3 17. fxe3 Rxe4 18. Bxe4 Qe7 19. Qa4 Rc8 20. Rfe1 g6 21. Bd5 Bg7 22. e4 h5 23. Rf1 Bh6 24. Rc3 Bg7 25. Rc2 Ba8 26. Qa6 Bb7 27. Qa4 Ba8 28. Kh1 Kh8 29. h3 g5 30. e5 Bxe5 31. Nxe5 Qxe5 32. Bf3 Nd4 33. Bxa8 Rxa8 34. Rcf2 f5 35. c6 f4 36. c7 Rc8 37. Rd2 Nf5 38. Rd8+ Kg7 39. Qd7+ Kf6 40. Qc6+ Kg7 41. Rd7+ Kf8 42. Rc1 Ng3+ 43. Kh2 Ne4 44. Qd5 Qxd5 1-0

[Event "Voronezh op-B"]
[Site "Voronezh"]
[Date "2008.06.12"]
[Round "1"]
[White "Kurnakov, Maxim"]
[Black "Semenova, Inna"]
[Result "0-1"]
[WhiteElo "1795"]
[BlackElo "2101"]
[PlyCount "50"]
[EventDate "2008.06.12"]
[EventType "swiss"]
[EventRounds "9"]
[EventCountry "RUS"]
[SourceTitle "CBM 125 Extra"]
[Source "ChessBase"]
[SourceDate "2008.09.01"]
[SourceVersion "1"]
[SourceVersionDate "2008.09.01"]
[SourceQuality "1"]

1. e4 c5 2. d4 e6 3. Nf3 cxd4 4. Nxd4 Nc6 5. Be2 Qc7 6. Nb5 Qb8 7. 0-0 a6 8. N5c3 b5 9. a3 Bc5 10. Bg5 Nf6 11. Nd2 Bb7 12. Nb3 Bb6 13. Qd2 Ne5 14. Qf4 Ng6 15. Qxb8+ Rxb8 16. Bxf6 gxf6 17. Rad1 Nf4 18. Bf3 Rg8 19. Kh1 Rc8 20. Rd2 Ng6 21. Rfd1 Rc7 22. g3 Ne5 23. Bg2 Nc4 24. Rb1 Nxd2 25. Nxd2 Bxf2 0-1